<?xml version="1.0" encoding="UTF-8"?>
<collection xmlns="http://www.loc.gov/MARC21/slim">
 <record>
  <leader>     na                 </leader>
  <controlfield tag="001">INLIS000000000021636</controlfield>
  <controlfield tag="005">20230726024357</controlfield>
  <datafield tag="035" ind1=" " ind2=" ">
   <subfield code="a">0010-0723000202</subfield>
  </datafield>
  <controlfield tag="007">ta</controlfield>
  <controlfield tag="008">230726                g          0 ind  </controlfield>
  <datafield tag="020" ind1=" " ind2=" ">
   <subfield code="a">978-602-6647-41-2</subfield>
  </datafield>
  <datafield tag="082" ind1=" " ind2=" ">
   <subfield code="a">297.39</subfield>
  </datafield>
  <datafield tag="084" ind1=" " ind2=" ">
   <subfield code="a">297.39 EMS h</subfield>
  </datafield>
  <datafield tag="100" ind1="0" ind2=" ">
   <subfield code="a">Emsoe Abdurrahman</subfield>
   <subfield code="e">Pengarang</subfield>
  </datafield>
  <datafield tag="245" ind1="1" ind2=" ">
   <subfield code="a">Hadji Tempo Doeloe :</subfield>
   <subfield code="b">Kisah Klasik Berangkat Haji Zaman Dahulu</subfield>
  </datafield>
  <datafield tag="250" ind1=" " ind2=" ">
   <subfield code="a">Cetakan 1</subfield>
  </datafield>
  <datafield tag="300" ind1=" " ind2=" ">
   <subfield code="a">xiv + 242 halaman :</subfield>
   <subfield code="b">Ilustrasi ;</subfield>
   <subfield code="c">20,5 cm</subfield>
  </datafield>
  <datafield tag="650" ind1=" " ind2="4">
   <subfield code="a">Ibadah Haji</subfield>
  </datafield>
  <datafield tag="700" ind1="0" ind2=" ">
   <subfield code="a">Dhani</subfield>
   <subfield code="e">Penyunting</subfield>
  </datafield>
  <datafield tag="504" ind1=" " ind2=" ">
   <subfield code="a">226-237 halaman</subfield>
  </datafield>
  <datafield tag="505" ind1=" " ind2=" ">
   <subfield code="a">1. Haji di mata kaum muslim di nusantara&#13;
2. Berhaji pada era kapal layar&#13;
3. Berhaji pada era kapal uap</subfield>
  </datafield>
  <datafield tag="520" ind1=" " ind2=" ">
   <subfield code="a">Anwar Sadat (1918-1981) pernah berujar &quot;Keyakinan berarti seorang manusia harus memandang petaka sebagai takdir yang wajib dimilikinya, entah itu harta, tenaga, pikiran, hingga nyawa, demi keyakinan yang dianutnya. Perjuangan muslimin di nusantara untuk dapat menunaikan ibadah haji ke Makkah termasuk salah satunya.  Tempo doeloe, kakek nenek kita berani menempuh perjalanan sangat jauh, menantang ganasnya topan dan badai di lautan, gersangnya padang pasir, dan kejamnya para perampok di perjalanan, demi menuntaskan cita-cita memenuhi panggilan Illahi. Sebuah panggilan yang seringkali harus dibayar dengar linangan air mata, darah, bahkan nyawa.&#13;
Tidak dapat dipungkiri bahwa ibadah haji telah membawa pengaruh yang besar terhadap kehidupan kaum Muslimin di Nusantara, khususnya pada masa-masa sebelum kemerdekaan. Dalam pandangan sejarawan senior Indonesia, (alm) Prof. Dr. Sartono Kartodirdjo, perjalanan haji telah melaj=hirkan satu benteng solidaritas yang ampuh di dunia Islam. Betapa tidak, orang-orang yang telah menunaikan ibadah itu pulang ke negeri mereka dengan membawa semangat kebesaran dan keagungan Islam. Inilah yang kemudian menggerakkan sebagian kaum Muslimin untuk melakukan perlawanan terhadapkaum kolonialis yang dianggap kafir, dalam hal ini Pemerintah Kolonial Belanda. Salah satu peistiwa fenomenal dan paling menarik dalam konteks ini adalah pemberontakan petani Banten tahun 1888 yang di pelopori oleh para haji. Dengan demikian, menurut Guru Besar Sejarah UGM ini, makna terpenting dari perjalanan haji itu harus dicari pada tingkat ideologis sebagai sesuatu yang menggerakkan lahirnya berbagai gerakan perlawanan.</subfield>
  </datafield>
  <datafield tag="264" ind1=" " ind2=" ">
   <subfield code="a">Bandung :</subfield>
   <subfield code="b">Alim Publishing,</subfield>
   <subfield code="c">2019</subfield>
  </datafield>
  <datafield tag="336" ind1=" " ind2=" ">
   <subfield code="2">rdacontent</subfield>
   <subfield code="a">Teks</subfield>
  </datafield>
  <datafield tag="337" ind1=" " ind2=" ">
   <subfield code="2">rdamedia</subfield>
   <subfield code="a">Tanpa Perantara</subfield>
  </datafield>
  <datafield tag="338" ind1=" " ind2=" ">
   <subfield code="2">rdacarrier</subfield>
   <subfield code="a">Lembar</subfield>
  </datafield>
  <datafield tag="990" ind1=" " ind2=" ">
   <subfield code="a">076087</subfield>
  </datafield>
  <datafield tag="990" ind1=" " ind2=" ">
   <subfield code="a">076088</subfield>
  </datafield>
 </record>
</collection>
